000 00720nam a22002177a 4500
003 UA-OsUOA
001 132254
007 ta
008 20180716b un ||||| |||| 00| 0 ukr d
100 _aПрископа О. В.
090 _a81
_bП77
942 _cSA
040 _aUA-OsUOA
_bukr
_cUA-OsUOA
_dUA-OsUOA
245 _aФормування і розвиток української історичної лексикології в загальнослов'янському контексті
300 _aС.! 6-28
955 _a0
041 _aukr
080 _a81
773 0 _w132253
650 7 _a8 Мовознавство. Художня література. Літературознавство
_2UDC
999 _c420784
_d420784